000 00311nam a2200133Ia 4500
005 20260326100035.0
008 260326s9999||||xx |||||||||||||| ||und||
100 _aRand, Ayn
245 0 _aEl Manantial /
_cAyn Rand
260 _bGrito Sagrado
300 _a685 p.
650 _aARQUITECTURA-GENERAL
942 _cBK
999 _c6784
_d6784